00257 a2200121 4500001000700000020000600007040001100013100000600024240004500030245004000075362000900115440001100124180969 a  cMagnum a-10aA salvacao tem uma historia/6 serielpor10aA salvacao tem uma historia/6 serie0 a1899 1aLoyola